[Event "Kragero Resort International 2022"]
[Site "Kragero"]
[Date "2022.02.24"]
[Round "3.7"]
[White "Johannessen, Martin T."]
[Black "Lye, Sigurd"]
[Result "1-0"]
[WhiteElo "1629"]
[BlackElo "1810"]
[Annotator "NA RC"]
[PlyCount "87"]
[EventDate "2022.02.23"]
[EventType "swiss"]
[EventCountry "NOR"]
[SourceTitle "playchess.com"]
[Source "ChessBase"]
[SourceQuality "1"]
[TimeControl "5400+30"]

1. d4 {[%emt 0:00:00]} Nf6 {[%emt 0:00:05]} 2. c4 {[%emt 0:00:04]} e6 {[%emt 0:00:06]} 3. Nc3 {[%emt 0:00:36]} Bb4 {[%emt 0:00:08]} 4. Bf4 {[%emt 0:01:15]} d5 {[%emt 0:02:06]} 5. e3 {[%emt 0:01:42]} O-O {[%emt 0:03:29]} 6. Nf3 {[%emt 0:00:37]} c5 {[%emt 0:09:47] 6...c5 is better than 6...Ne4.} 7. Be2 {[%emt 0:08:59]} Nc6 {[%emt 0:03:43]} 8. O-O {[%emt 0:04:30]} cxd4 {[%emt 0:06:10]} 9. Nxd4 {[%emt 0:04:04] [#]} Bd6 $146 {[%emt 0:06:16]} ({Predecessor:} 9... Qe7 10. cxd5 exd5 11. Rc1 Rd8 12. Ncb5 Bd7 13. a3 Nxd4 14. Nxd4 Bc5 15. Bf3 h6 {½-½ (34) Howell,D (2658)-Abasov,N (2664) Tornelo INT 2021}) 10. cxd5 {[%emt 0:22:03]} Nxd4 {[%emt 0:17:27]} 11. Qxd4 {[%emt 0:01:58]} Bxf4 {[%emt 0:03:01]} 12. exf4 {[%emt 0:05:49]} exd5 {[%emt 0:01:49]} 13. Bf3 {[%emt 0:08:59]} Be6 {[%emt 0:01:22]} 14. Rfd1 {[%emt 0:03:08]} Qd7 {[%emt 0:02:45]} 15. Rd2 {[%emt 0:02:50]} ({Wrong is} 15. Bxd5 $2 Nxd5 16. f5 (16. Nxd5 $2 Rfd8 $19) 16... Nxc3 17. Qxd7 Bxd7 $19) (15. Nxd5 $2 Bxd5 16. Bxd5 Rad8 17. Qxa7 Nxd5 $19) 15... Rfd8 {[%emt 0:02:45]} 16. Rad1 {[%emt 0:00:30]} Qe8 {[%emt 0:07:36]} 17. Qe5 {[%emt 0:06:26]} Nd7 {[%emt 0:13:19]} 18. Qe3 {[%emt 0:10:11]} Nb6 {[%emt 0:00:31]} 19. b3 {[%emt 0:02:25]} Qc6 {[%emt 0:01:51]} 20. f5 {[%emt 0:05:07]} ({Better is} 20. a4) 20... Bxf5 {[%emt 0:02:52]} 21. Nxd5 {[%emt 0:00:42]} Nxd5 {[%emt 0:03:26]} 22. Bxd5 {[%emt 0:00:32]} Qe8 {[%emt 0:00:19]} 23. Qf3 {[%emt 0:03:29]} Bg6 {[%emt 0:05:18]} 24. Re2 {[%emt 0:02:59]} Qf8 {[%emt 0:02:15]} 25. Rde1 {[%emt 0:00:32]} Rab8 {[%emt 0:01:41]} 26. Bxb7 {[%emt 0:01:09]} Bd3 {[%emt 0:02:07]} 27. Re7 {[%emt 0:00:41]} Bg6 {[%emt 0:01:00]} 28. Bc6 {[%emt 0:01:08]} Rbc8 {[%emt 0:00:36]} 29. h3 {[%emt 0:01:18]} a5 {[%emt 0:00:22]} 30. R1e3 {[%emt 0:01:03]} h6 $16 {[%emt 0:00:29]} 31. Qe2 {[%emt 0:00:32]} Kh7 {[%emt 0:00:36]} 32. Be4 {[%emt 0:00:34]} Rc1+ {[%emt 0:00:37]} 33. Kh2 {[%emt 0:00:06]} Bxe4 {[%emt 0:00:22]} 34. R3xe4 {[%emt 0:00:05]} Rdd1 {[%emt 0:00:11]} 35. Qf3 {[%emt 0:00:46]} Rh1+ {[%emt 0:00:52]} 36. Kg3 {[%emt 0:00:06]} Qb8+ {[%emt 0:00:15]} 37. Qf4 {[%emt 0:00:28]} Rc3+ {[%emt 0:00:38]} 38. f3 {[%emt 0:00:11]} Qb6 {[%emt 0:00:47]} 39. Qxf7 {[%emt 0:01:07]} Qd6+ {[%emt 0:00:27]} 40. Rf4 {[%emt 0:00:57]} Rxf3+ {[%emt 0:00:31]} 41. gxf3 {[%emt 0:00:28]} Rg1+ {[%emt 0:00:24]} 42. Kh4 {[%emt 0:00:32]} Qxf4+ {[%emt 0:00:36]} 43. Qxf4 {[%emt 0:00:08]} Kh8 {[%emt 0:00:18]} 44. Qg4 {[%emt 0:00:11]} 1-0

[Event "Kragero Resort International 2022"]
[Site "Kragero"]
[Date "2022.02.24"]
[Round "3.8"]
[White "Bogner, Sebastian"]
[Black "Kvaloy, Aksel Bu"]
[Result "1-0"]
[WhiteElo "2573"]
[BlackElo "2280"]
[Annotator "TA"]
[PlyCount "45"]
[EventDate "2022.02.23"]
[EventType "swiss"]
[EventCountry "NOR"]
[SourceTitle "playchess.com"]
[Source "ChessBase"]
[SourceQuality "1"]

{[%evp 11,45,20,11,3,23,24,21,20,22,16,35,27,23,25,29,0,0,0,0,-3,0,14,10,10,82,11,190,192,195,193,197,195,352,351,475,443]} 1. d4 Nf6 2. c4 e6 3. Nf3 d5 4. Nc3 Bb4 5. Qa4+ Nc6 6. e3 O-O 7. Qc2 {D38: Queen's Gambit Declined: Ragozin Defence (4 Nf3 Bb4).} dxc4 8. Bxc4 Bd6 9. O-O {The position is equal.} e5 10. h3 exd4 11. exd4 h6 12. a3 Ne7 {[#]} 13. Bd2 $146 ({Predecessor:} 13. Ne5 c6 14. Qb3 Ned5 15. Nxd5 cxd5 16. Bd3 Qb6 17. Qxb6 axb6 18. Be3 Be6 19. Rfe1 {½-½ (39) Hillarp Persson,T (2538)-Movsesian,S (2647) Tornelo INT 2021}) 13... c6 14. Rfe1 Bf5 15. Qc1 Ned5 16. Ne5 Nxc3 17. bxc3 c5 {[#]} (17... Nd7 $11 {keeps the balance.}) 18. Qd1 {White is more active.} (18. Bxh6 $1 $16 gxh6 19. Qxh6) 18... Ne4 {[#] This move loses the game for Black.} (18... cxd4 $11 {and Black is okay.} 19. cxd4 Rc8) 19. Nxf7 $1 $18 Rxf7 20. Bxf7+ Kxf7 21. Qf3 $1 {[%csl LRe4,LRf5] Really sharp!} Nxd2 $2 (21... Qf6 {might work better.}) 22. Qxf5+ Qf6 23. Qd5+ {Weighted Error Value: White=0.12 (very precise) /Black=0.46} 1-0

[Event "Kragero Resort International 2022"]
[Site "Kragero"]
[Date "2022.02.24"]
[Round "3.8"]
[White "Alvanjyan, Aida"]
[Black "Thorisson, Benedikt"]
[Result "0-1"]
[WhiteElo "1566"]
[BlackElo "1790"]
[Annotator "NA RC"]
[PlyCount "72"]
[EventDate "2022.02.23"]
[EventType "swiss"]
[EventCountry "NOR"]
[SourceTitle "playchess.com"]
[Source "ChessBase"]
[SourceQuality "1"]
[TimeControl "5400+30"]

1. e4 {[%emt 0:00:05]} e6 {[%emt 0:00:13]} 2. d4 {[%emt 0:00:05]} d5 {[%emt 0:00:08]} 3. Bd3 {[%emt 0:00:49]} Nf6 {[%emt 0:02:20]} 4. e5 {[%emt 0:01:24]} Nfd7 {[%emt 0:01:10]} 5. Ne2 {[%emt 0:01:22]} c5 {[%emt 0:00:14]} 6. c3 {[%emt 0:00:11]} Nc6 {[%emt 0:00:26]} 7. a3 {[%emt 0:01:01]} a5 {[%emt 0:05:45]} 8. O-O {[%emt 0:05:48]} Be7 {[%emt 0:02:01]} 9. f4 {[%emt 0:06:52]} Qb6 {[%emt 0:01:49]} 10. Bc2 {[%emt 0:06:27]} cxd4 {[%emt 0:05:35]} 11. cxd4 {[%emt 0:09:31]} Nxd4 {[%emt 0:01:34]} 12. Be3 {[%emt 0:12:22]} Nxe2+ {[%emt 0:00:39]} 13. Qxe2 {[%emt 0:01:58]} Bc5 {[%emt 0:03:40]} 14. Bxc5 {[%emt 0:07:05]} Qxc5+ {[%emt 0:00:54]} 15. Kh1 {[%emt 0:00:26]} b6 {[%emt 0:01:34]} 16. Nc3 {[%emt 0:04:33]} O-O {[%emt 0:02:33]} 17. Rf3 {[%emt 0:03:35]} Qe7 {[%emt 0:03:38]} 18. Rh3 {[%emt 0:07:54]} g6 {[%emt 0:02:01]} 19. Qg4 {[%emt 0:04:27]} Bb7 {[%emt 0:03:44]} 20. Re1 {[%emt 0:02:14]} Rac8 {[%emt 0:00:47]} 21. f5 {[%emt 0:05:03]} exf5 {[%emt 0:07:48]} 22. Bxf5 {[%emt 0:00:38]} Rcd8 {[%emt 0:05:27]} 23. Qg3 {[%emt 0:06:00]} Nc5 {[%emt 0:05:45]} 24. Rh6 {[%emt 0:04:30]} Ne6 {[%emt 0:02:22]} 25. h4 {[%emt 0:03:27]} Ng7 {[%emt 0:02:40]} 26. Bb1 {[%emt 0:01:07]} Qd7 {[%emt 0:06:33]} 27. Rf1 {[%emt 0:02:01]} d4 {[%emt 0:00:41]} 28. Ne4 {[%emt 0:00:49]} Bxe4 {[%emt 0:01:38]} 29. Bxe4 {[%emt 0:00:02]} d3 {[%emt 0:00:20]} 30. h5 {[%emt 0:01:58]} d2 {[%emt 0:00:31]} 31. Bc2 {[%emt 0:00:35]} Rc8 {[%emt 0:00:59]} 32. hxg6 {[%emt 0:01:25]} Rxc2 {[%emt 0:04:29]} 33. Rxh7 {[%emt 0:00:38]} d1=Q {[%emt 0:01:59]} 34. Rxd1 {[%emt 0:00:35]} Qxd1+ {[%emt 0:00:33]} 35. Kh2 {[%emt 0:00:01]} Rc1 {[%emt 0:03:34]} 36. Qh4 {[%emt 0:00:58]} Qh1+ {[%emt 0:00:18]} 0-1

[Event "Kragero Resort International 2022"]
[Site "Kragero"]
[Date "2022.02.24"]
[Round "3.9"]
[White "Romanov, Evgeny"]
[Black "Fischer, Daniel"]
[Result "1-0"]
[WhiteElo "2561"]
[BlackElo "2340"]
[Annotator "TA"]
[PlyCount "83"]
[EventDate "2022.02.23"]
[EventType "swiss"]
[EventCountry "NOR"]
[SourceTitle "playchess.com"]
[Source "ChessBase"]
[SourceQuality "1"]

{[%evp 13,83,2,12,0,15,0,21,13,14,15,24,18,27,22,49,45,39,38,44,19,28,24,29,37,43,14,18,18,21,28,16,16,20,21,19,15,13,16,20,22,81,81,89,75,78,91,83,20,15,0,84,30,392,115,125,125,114,76,320,301,483,480,421,473,471,466,508,490,977,954,866,750]} 1. Nf3 d5 2. g3 Bg4 3. Bg2 c6 4. O-O e6 5. d3 Nf6 6. Nbd2 Be7 7. h3 Bh5 8. b3 {A07: Réti Opening: New York and Capablanca Systems.} O-O 9. Bb2 c5 {[#]} 10. g4 $146 {The position is equal.} ({Predecessor:} 10. Re1 Nc6 11. e4 d4 12. Nf1 Nd7 13. g4 Bg6 14. Ng3 Qc7 15. Rc1 Bd6 16. c3 dxc3 17. Bxc3 {0-1 (62) Gabrielian,A (2520)-Bocharov,D (2597) Kazan 2016}) 10... Bg6 11. Ne5 Nc6 12. Nxc6 bxc6 13. e4 Nd7 14. f4 f6 15. Qe2 Bf7 16. h4 (16. Nf3 {seems wilder.} a5 17. a4 Rb8 18. Rad1 d4 19. e5) 16... e5 17. fxe5 Nxe5 18. exd5 cxd5 19. Bxe5 fxe5 20. g5 Qd7 21. Nf3 Qg4 22. Qxe5 Rae8 {[%cal Oe7f6] Strongly threatening ...Bf6!} 23. Rae1 Bf6 24. Qc7 Bd4+ {A strong pair of Bishops.} 25. Kh1 {[%cal Oc7f7]} Be3 26. Qh2 $1 (26. Qxa7 d4 27. Qb7 (27. Qxc5 $2 Rc8 $19) 27... Bh5 $19) 26... d4 (26... Bf4 $11 27. Qh3 Qg3) 27. Ne5 $16 Rxe5 28. Qxe5 {Black must now prevent Qh2.} Qxh4+ 29. Qh2 Qxg5 30. Be4 ({White should try} 30. Rf3 $1 $16) 30... g6 $1 $11 31. Rf3 {Threatens to win with c4.} Re8 (31... Bd5 $1 $11 {remains equal.} 32. Rxf8+ Kxf8) 32. c4 (32. Ref1 $1 $16 Bd5 33. Bxd5+ Qxd5 34. Qg2) 32... Re7 {[%mdl 8192]} (32... Be6 $11) 33. Ref1 $2 $40 {[%mdl 128] White has strong attack.} (33. Bd5 $1 $18 {[%cal Rd5f7]}) 33... Kg7 $16 34. Rg3 {[%cal Bf3g3,Bg3g4,Bg4f4][%mdl 32]} Qe5 35. Qh4 Bg8 $2 {[#]} (35... Qd6 $16) 36. Bxg6 $1 $18 {Really sharp!} Bf4 $2 (36... hxg6 {keeps fighting.} 37. Rh3 Bf4) 37. Rg4 {Intending Bxh7+ and mate. White is clearly winning.} ({Don't do} 37. Qxf4 Qxf4 38. Rxf4 hxg6 $18) ({Weaker is} 37. Rxf4 Qe1+ 38. Rg1 Qxh4+ 39. Rxh4 hxg6 $18) 37... hxg6 38. Rgxf4 {And now Re4 would win.} ({Not} 38. Rfxf4 Qe1+ 39. Qxe1 Rxe1+ 40. Kh2 Re2+ 41. Rg2 Re5 $18) 38... Qd6 39. b4 {[%cal Bb3b4,Bb4c5][%mdl 32]} Re5 {aiming for ...Rh5.} 40. bxc5 Qc6+ {[#]} (40... Rxc5 $142 41. Rxd4 Qe6) 41. Kg1 $1 {Hoping for Qd8.} g5 42. Qh5 {Weighted Error Value: White=0.18 (very precise) /Black=0.53} 1-0

[Event "Kragero Resort International 2022"]
[Site "Kragero"]
[Date "2022.02.24"]
[Round "3.10"]
[White "Sagafos, Magne"]
[Black "Urkedal, Frode Olav Olsen"]
[Result "0-1"]
[WhiteElo "2386"]
[BlackElo "2549"]
[Annotator "TA"]
[PlyCount "74"]
[EventDate "2022.02.23"]
[EventType "swiss"]
[EventCountry "NOR"]
[SourceTitle "playchess.com"]
[Source "ChessBase"]
[SourceQuality "1"]

{[%evp 9,74,0,10,0,0,4,1,0,0,1,9,7,14,8,16,10,10,9,21,10,13,13,18,-8,-3,-14,19,31,36,-30,-26,-93,-77,-90,-85,-139,-131,-179,-200,-170,-174,-167,-167,-171,-161,-215,-156,-342,-331,-300,-313,-370,-381,-388,-391,-392,-348,-347,-304,-461,-458,-576,-547,-622,-558,-529,-525]} 1. d4 Nf6 2. Nf3 b6 3. Bf4 Bb7 4. e3 Nh5 5. Bg5 h6 6. Bh4 {A47: 1 d4 Nf6 2 Nf3 b6: Torre, London and Colle Systems.} g5 7. Nfd2 Nf4 8. exf4 {The position is equal.} gxh4 9. Nf3 {[%cal Bd2f3,Bf3h4,Bh4g2,Bg2e1,Be1d3][%mdl 32]} e6 {[#]} 10. g3 $146 ({Predecessor:} 10. Nbd2 Qf6 11. g3 c5 12. dxc5 Qxb2 13. cxb6 Bb4 14. Rb1 Bxd2+ 15. Nxd2 Qd4 16. bxa7 Rxa7 {0-1 (32) Lederer,Y (2270)-Bartel,M (2604) Biel 2018}) 10... c5 11. Bg2 cxd4 12. Nxh4 (12. Qxd4 $2 h3 $1 {[%mdl 512]} 13. Qxh8 hxg2 $19) 12... Bxg2 13. Nxg2 Bg7 14. O-O Nc6 {[%cal Bb8c6,Bc6e7,Be7d5,Bd5c3][%mdl 32]} 15. Nd2 Rc8 16. Ne1 O-O 17. Nd3 f5 18. Re1 Re8 19. b4 (19. Rc1 $14) 19... Ne7 $11 20. Rc1 (20. Qh5 $11) 20... Nd5 $17 21. Qh5 Qe7 22. a3 {[#]} (22. Nb3 $142) 22... d6 $1 {Black is more active.} 23. Nb3 (23. Qf3 $17 {might work better.}) 23... Qf7 $19 24. Qxf7+ Kxf7 25. Re2 Nc3 26. Rd2 Rc7 27. f3 (27. Nb2 {was worth a try.}) 27... e5 28. Re1 $2 {White does not recover from this.} (28. fxe5 $17 dxe5 29. Rf1) 28... e4 29. fxe4 fxe4 30. Nb2 Nb5 ({Avoid the trap} 30... e3 $2 31. Rxd4 Bxd4 32. Nxd4 $19) 31. a4 Na3 32. Rc1 Nc4 33. Nxc4 Rxc4 34. Rcd1 (34. b5 $142) 34... Rxb4 {Black is clearly winning.} 35. a5 d3 36. Nc1 Bd4+ 37. Kf1 Be3 {Weighted Error Value: White=0.31/Black=0.07 (flawless)} 0-1

[Event "Kragero Resort International 2022"]
[Site "Kragero"]
[Date "2022.02.24"]
[Round "3.12"]
[White "Lie, Kjetil A."]
[Black "Alinasab, Mobina"]
[Result "1/2-1/2"]
[WhiteElo "2520"]
[BlackElo "2325"]
[Annotator "TA"]
[PlyCount "51"]
[EventDate "2022.02.23"]
[EventType "swiss"]
[EventCountry "NOR"]
[SourceTitle "playchess.com"]
[Source "ChessBase"]
[SourceQuality "1"]

{[%evp 9,51,-10,2,0,20,31,19,9,12,4,22,6,15,11,14,12,12,0,0,0,0,0,0,7,0,1,17,0,0,0,0,0,16,0,19,19,23,24,35,0,22,0,33,0]} 1. d4 d5 2. Bf4 c5 3. e3 Nc6 4. c3 Bf5 5. Nd2 e6 6. Ngf3 {D00: 1 d4 d5: Unusual lines.} Qb6 7. Nh4 Be4 8. f3 {The position is equal.} ({Much worse is} 8. Nxe4 dxe4 9. Qb3 cxd4 10. exd4 Be7 $15) 8... Bg6 9. Nxg6 hxg6 10. Qb3 {[#]} Be7 $146 ({Predecessor:} 10... c4 11. Qc2 Be7 12. Bg3 Qd8 13. Be2 Bh4 14. O-O-O Bxg3 15. hxg3 Rxh1 16. Rxh1 Qg5 {0-1 (37) Trbojevic,M (2370)-Dabo Peranic,R (2289) Mali Losinj 2021}) 11. Qxb6 axb6 12. Bb5 Kd7 13. dxc5 bxc5 14. e4 Nf6 15. a4 Bd6 16. Bxd6 Kxd6 17. exd5 exd5 18. O-O Na7 19. Be2 Rhe8 20. Kf2 Nc6 21. Bb5 Rh8 22. h3 Na7 23. Be2 Nc6 24. Bb5 Na7 25. Be2 Nc6 26. Bb5 {A balanced but interesting game.  Weighted Error Value: White=0.05 (flawless) /Black=0.04 (flawless)} 1/2-1/2

[Event "Kragero Resort International 2022"]
[Site "Kragero"]
[Date "2022.02.24"]
[Round "3.13"]
[White "Kenneskog, Theodor"]
[Black "Kaasen, Tor Fredrik"]
[Result "0-1"]
[WhiteElo "2344"]
[BlackElo "2458"]
[Annotator "RC"]
[PlyCount "90"]
[EventDate "2022.02.23"]
[EventType "swiss"]
[EventCountry "NOR"]
[SourceTitle "playchess.com"]
[Source "ChessBase"]
[SourceQuality "1"]
[TimeControl "5400+30"]

1. e4 {[%emt 0:00:04]} e5 {[%emt 0:00:57]} 2. Nf3 {[%emt 0:00:10]} Nc6 {[%emt 0:00:06]} 3. Bb5 {[%emt 0:00:17]} a6 {[%emt 0:00:26]} 4. Ba4 {[%emt 0:00:06]} d6 {[%emt 0:00:35]} 5. O-O {[%emt 0:01:59]} Bd7 {[%emt 0:00:42]} 6. c3 {[%emt 0:00:15]} g6 {[%emt 0:00:38]} 7. d4 {[%emt 0:00:09]} Bg7 {[%emt 0:00:25]} 8. Re1 {[%emt 0:08:27]} Nf6 {[%emt 0:00:53]} 9. h3 {[%emt 0:11:08]} O-O {[%emt 0:00:55]} 10. Nbd2 {[%emt 0:00:33]} exd4 {[%emt 0:02:58]} 11. cxd4 {[%emt 0:00:30]} Nb4 {[%emt 0:00:30]} 12. Bxd7 {[%emt 0:09:45]} Qxd7 {[%emt 0:00:43]} 13. Nb1 {[%emt 0:01:31]} d5 {[%emt 0:07:23]} 14. Ne5 {[%emt 0:05:47]} Qd8 {[%emt 0:10:24]} 15. a3 {[%emt 0:01:31]} Nc6 {[%emt 0:01:28]} 16. Nxc6 {[%emt 0:00:22]} bxc6 {[%emt 0:00:50]} 17. e5 {[%emt 0:00:06]} Nd7 {[%emt 0:04:18]} 18. b4 {[%emt 0:07:38]} a5 {[%emt 0:04:16]} 19. Bd2 {[%emt 0:17:39]} axb4 {[%emt 0:06:40]} 20. Bxb4 {[%emt 0:00:06]} c5 {[%emt 0:00:49]} 21. Bxc5 {[%emt 0:03:40]} Nxc5 {[%emt 0:00:32]} 22. dxc5 {[%emt 0:00:04]} Re8 {[%emt 0:03:08]} 23. f4 {[%emt 0:08:24]} Ra5 {[%emt 0:07:07]} 24. Nd2 {[%emt 0:01:37]} Rxc5 {[%emt 0:01:04]} 25. Rc1 {[%emt 0:01:05]} Bf8 {[%emt 0:01:55]} 26. Kh2 {[%emt 0:01:04]} Qe7 {[%emt 0:16:14]} 27. Nf3 {[%emt 0:02:19]} Ra8 {[%emt 0:05:58]} 28. f5 {[%emt 0:02:04]} gxf5 {[%emt 0:04:00]} 29. Rxc5 {[%emt 0:03:55]} Qxc5 {[%emt 0:00:05]} 30. Nd4 {[%emt 0:00:04]} Qc4 {[%emt 0:02:54]} 31. Kh1 {[%emt 0:02:31]} Rxa3 {[%emt 0:08:38]} 32. Nxf5 {[%emt 0:00:06]} Qf4 {[%emt 0:00:35]} 33. Nd4 {[%emt 0:08:48]} Ra2 {[%emt 0:02:31]} 34. Nf3 {[%emt 0:00:36]} Qg3 {[%emt 0:00:31]} 35. Re2 {[%emt 0:00:06]} Rxe2 {[%emt 0:00:48]} 36. Qxe2 {[%emt 0:00:02]} Qg6 {[%emt 0:00:29]} 37. Qb5 {[%emt 0:01:07]} c5 {[%emt 0:01:11]} 38. Kh2 {[%emt 0:01:03]} d4 {[%emt 0:00:24]} 39. Qc4 {[%emt 0:00:42]} Qe6 {[%emt 0:00:41]} 40. Qd3 {[%emt 0:00:05]} Bh6 {[%emt 0:00:53]} 41. Qe4 {[%emt 0:00:27]} Qg6 {[%emt 0:00:22]} 42. Qa8+ {[%emt 0:02:16]} Kg7 {[%emt 0:00:05]} 43. Qd8 {[%emt 0:00:25]} Bf4+ {[%emt 0:01:05]} 44. Kg1 {[%emt 0:00:05]} Bg3 {[%emt 0:01:08]} 45. Kh1 {[%emt 0:01:11]} h6 {[%emt 0:00:22]} 0-1

[Event "Kragero Resort International 2022"]
[Site "Kragero"]
[Date "2022.02.24"]
[Round "3.15"]
[White "Injac, Teodora"]
[Black "Gjestemoen-VonHirsch, Andre"]
[Result "1/2-1/2"]
[WhiteElo "2407"]
[BlackElo "2243"]
[Annotator "RC"]
[PlyCount "71"]
[EventDate "2022.02.23"]
[EventType "swiss"]
[EventCountry "NOR"]
[SourceTitle "playchess.com"]
[Source "ChessBase"]
[SourceQuality "1"]
[TimeControl "5400+30"]

1. Nf3 {[%emt 0:02:10]} Nf6 {[%emt 0:00:05]} 2. c4 {[%emt 0:00:36]} g6 {[%emt 0:00:05]} 3. Nc3 {[%emt 0:00:57]} Bg7 {[%emt 0:00:04]} 4. e4 {[%emt 0:02:18]} e5 {[%emt 0:00:18]} 5. Nxe5 {[%emt 0:02:56]} O-O {[%emt 0:00:09]} 6. f4 {[%emt 0:04:33]} d6 {[%emt 0:00:12]} 7. Nf3 {[%emt 0:00:17]} Nxe4 {[%emt 0:00:42]} 8. Nxe4 {[%emt 0:00:09]} Re8 {[%emt 0:00:08]} 9. d3 {[%emt 0:00:16]} f5 {[%emt 0:00:28]} 10. Be2 {[%emt 0:00:45]} fxe4 {[%emt 0:00:07]} 11. dxe4 {[%emt 0:00:01]} Nc6 {[%emt 0:11:43]} 12. O-O {[%emt 0:06:00]} Qf6 {[%emt 0:10:52]} 13. c5 {[%emt 0:34:52]} Rxe4 {[%emt 0:21:33]} 14. Ng5 {[%emt 0:01:08]} Re7 {[%emt 0:02:36]} 15. cxd6 {[%emt 0:07:20]} cxd6 {[%emt 0:00:36]} 16. Kh1 {[%emt 0:03:51]} h6 {[%emt 0:07:20]} 17. Bc4+ {[%emt 0:13:48]} Kh8 {[%emt 0:00:07]} 18. Nf3 {[%emt 0:00:48]} Bf5 {[%emt 0:08:20]} 19. a3 {[%emt 0:00:08]} Rae8 {[%emt 0:00:17]} 20. Ra2 {[%emt 0:00:47]} Nd4 {[%emt 0:14:29]} 21. b3 {[%emt 0:02:25]} Nxf3 {[%emt 0:01:29]} 22. Qxf3 {[%emt 0:00:16]} Be4 {[%emt 0:02:23]} 23. Qf2 {[%emt 0:00:29]} d5 {[%emt 0:01:52]} 24. Bb5 {[%emt 0:03:19]} Rc8 {[%emt 0:00:17]} 25. Rd2 {[%emt 0:01:42]} Qf5 {[%emt 0:02:02]} 26. Bb2 {[%emt 0:01:17]} Bxb2 {[%emt 0:01:12]} 27. Rxb2 {[%emt 0:00:02]} a6 {[%emt 0:00:06]} 28. Be2 {[%emt 0:04:43]} Rec7 {[%emt 0:01:40]} 29. Rd2 {[%emt 0:01:19]} Rc2 {[%emt 0:03:20]} 30. Bd1 {[%emt 0:00:09]} R2c3 {[%emt 0:01:52]} 31. Qd4+ {[%emt 0:00:32]} Kh7 {[%emt 0:00:05]} 32. Kg1 {[%emt 0:00:28]} h5 {[%emt 0:00:53]} 33. Qf2 {[%emt 0:00:54]} Rf8 {[%emt 0:01:40]} 34. Qd4 {[%emt 0:01:24]} Rfc8 {[%emt 0:01:06]} 35. Qf2 {[%emt 0:00:03]} Rf8 {[%emt 0:00:52]} 36. Qd4 {[%emt 0:00:09]} 1/2-1/2

[Event "Kragero Resort International 2022"]
[Site "Kragero"]
[Date "2022.02.24"]
[Round "3.16"]
[White "Grave, Jacob Templen"]
[Black "Reimanis, Ritvars"]
[Result "1/2-1/2"]
[WhiteElo "2267"]
[BlackElo "2397"]
[Annotator "RC"]
[PlyCount "55"]
[EventDate "2022.02.23"]
[EventType "swiss"]
[EventCountry "NOR"]
[SourceTitle "playchess.com"]
[Source "ChessBase"]
[SourceQuality "1"]
[TimeControl "5400+30"]

1. d4 {[%emt 0:00:03]} Nf6 {[%emt 0:01:02]} 2. c4 {[%emt 0:00:10]} e6 {[%emt 0:00:04]} 3. g3 {[%emt 0:00:05]} c5 {[%emt 0:00:24]} 4. d5 {[%emt 0:00:06]} d6 {[%emt 0:00:18]} 5. Nc3 {[%emt 0:00:21]} exd5 {[%emt 0:00:34]} 6. cxd5 {[%emt 0:00:09]} g6 {[%emt 0:00:09]} 7. Bg2 {[%emt 0:00:14]} Bg7 {[%emt 0:00:05]} 8. Nf3 {[%emt 0:00:05]} O-O {[%emt 0:00:08]} 9. O-O {[%emt 0:00:07]} Na6 {[%emt 0:09:00]} 10. Bf4 {[%emt 0:06:17]} Nc7 {[%emt 0:00:46]} 11. a4 {[%emt 0:10:23]} h6 {[%emt 0:01:56]} 12. e4 {[%emt 0:11:35]} Bg4 {[%emt 0:05:48]} 13. Qd2 {[%emt 0:10:26]} g5 {[%emt 0:06:27]} 14. Be3 {[%emt 0:07:09]} Re8 {[%emt 0:08:34]} 15. Ne1 {[%emt 0:02:48]} Bd7 {[%emt 0:01:08]} 16. f3 {[%emt 0:07:00]} b5 {[%emt 0:03:49]} 17. axb5 {[%emt 0:03:09]} Nxb5 {[%emt 0:00:15]} 18. Nc2 {[%emt 0:00:07]} Rb8 {[%emt 0:19:04]} 19. Nxb5 {[%emt 0:07:01]} Bxb5 {[%emt 0:00:33]} 20. Rfb1 {[%emt 0:00:24]} a6 {[%emt 0:05:13]} 21. b4 {[%emt 0:02:21]} Nd7 {[%emt 0:08:46]} 22. Ra2 {[%emt 0:05:45]} Bc4 {[%emt 0:06:30]} 23. Ra3 {[%emt 0:00:57]} Ne5 {[%emt 0:01:33]} 24. Qd1 {[%emt 0:07:06]} Bb5 {[%emt 0:01:11]} 25. bxc5 {[%emt 0:00:28]} Nc4 {[%emt 0:00:10]} 26. Rab3 {[%emt 0:01:05]} Nxe3 {[%emt 0:00:19]} 27. Nxe3 {[%emt 0:00:06]} dxc5 {[%emt 0:00:15]} 28. Nf5 {[%emt 0:01:29]} 1/2-1/2